Concise encyclopedia of plant pathology
| Main Author: | |
|---|---|
| Format: | Book |
| Published: |
New Delhi :
Viva Books ,
2004
|
| Subjects: |
MARC
| LEADER | 00000cam a2200000 7i4500 | ||
|---|---|---|---|
| 001 | 0000003649 | ||
| 005 | 20080129.0 | ||
| 020 | 0 | 0 | |a 8176499439 |
| 090 | 0 | 0 | |a R632.303 |b VID |
| 100 | 1 | 0 | |a Vidhyasekaran, P. |
| 245 | 1 | 0 | |a Concise encyclopedia of plant pathology |c P. Vidhyasekaran |
| 260 | 0 | 0 | |a New Delhi : |b Viva Books , |c 2004 |
| 300 | |a xviii, 619 p. ; |c 22 cm. | ||
| 650 | 0 | 0 | |a Plant diseases |x Encyclopedias |
| 999 | |a 0000007232 |b Monograph |c Reference |e Default branch | ||